Listovaja štampovka molibdena i jego splavov v priborostrojenii /

Enregistré dans:
Détails bibliographiques
Auteur principal: Korolev, V.N (Auteur)
Format: Livre
Langue:russe
Publié: Moskva : Mašinostrojenije, 1977
Sujets:
Tags: Ajouter un tag
Pas de tags, Soyez le premier à ajouter un tag!

MARC

LEADER 00000nam a22000003a 4500
001 stu37966
005 20150617225729.1
008 920901s1977----xxr-----------------rus-d
040 |a STU  |b slo 
041 0 |a rus 
044 |a xxr 
080 |a 621.98  |7 stu_us_auth*stu3202 
080 |a 621.777  |7 stu_us_auth*stu2780 
100 1 |a Korolev, V.N  |4 aut 
245 1 |a Listovaja štampovka molibdena i jego splavov v priborostrojenii /  |c [aut.]V.N. Korolev 
260 |a Moskva :  |b Mašinostrojenije,  |c 1977 
300 |a 149 s 
650 7 |a lisovanie  |2 stusub 
650 7 |a molybden  |2 stusub 
996 |b 284M055623  |c M*3340-1  |l MMKN  |s A  |a 24  |w stu37966_0001